Herci s tanečníkmi "bojujú" o atraktívnu sálu v priestoroch OKC o estrádnu sálu prejavili záujem divadlo Actores, aj tanečný a športový klub Sambed

Bibliographic Details
Main Author: Mazurková, Renáta, 1972- (Author)
Format: Article
Language:Slovak
PhysicalDescription:1 foto
Subjects:

MARC

LEADER 00000nab a2200000 a 4500
001 vtls001012258
003 SK-MaSNL
005 20260303041920.0
008 040720e20031104xo 0 slo
035 |a RV12858 
040 |a RVGKPD  |b slo  |c RVGKPD  |e AACR2 
041 0 |a slo 
044 |a xo  |c SK 
080 |a 374  |2 1981 
080 |a 339.176  |2 1981 
100 1 |a Mazurková, Renáta,  |d 1972-  |4 aut  |9 859052 
245 1 0 |a Herci s tanečníkmi "bojujú" o atraktívnu sálu v priestoroch OKC  |b o estrádnu sálu prejavili záujem divadlo Actores, aj tanečný a športový klub Sambed 
300 |b 1 foto 
500 |a využitie 
610 2 7 |a Obchodno-kultúrne centrum (Rožňava, Slovensko)  |2 RVGKPD  |9 1024173 
650 0 7 |a sály estrádne  |2 RVGKPD  |9 1027485 
651 7 |a Rožňava (Slovensko)  |2 RVGKPD  |9 17394 
773 0 8 |t Gemerský denník  |g Roč. 5, č.253, 4.11.2003, s. 2 
852 |a ZVYKNI  |b KIS3GCP 
999 |c 1689710  |d 1691640